000 00900nam a2200253 a 4500
001 000011634
005 20200929162517.0
008 091021s1999 ve 000 e spa d
020 _a9803540696
040 _aDO-SdBNP
_bspa
_cBNPHU
082 _aV864.44
_bC355s
100 1 _aCastro Leiva, Luis,
_d1943-
_927555
245 1 0 _aSed buenos ciudadanos /
_cLuis Castro Leiva.
260 _aCaracas, Venezuelas :
_bAlfadil Ediciones,
_c1999.
300 _a240, [5] p. ;
_c22 cm.
490 1 _aTrópicos
_v64
500 _aIncluye datos biográficos del autor en la solapa de la cubierta
500 _aIncluye los demás títulos de la colección en la solapa de la contracubierta
650 4 _aEnsayos venezolanos
_94376
650 4 _aLiteratura venezolana
_xCrítica e interpretación
_98988
650 4 _aLitaratuta venezolana
_ySIGLO XX
_927556
830 0 _aTrópicos
_v64
_913719
049 _aBNGR
999 _c11327
_d11327